| 000 | 00586nam a2200193Ia 4500 | ||
|---|---|---|---|
| 003 | GCL | ||
| 005 | 20240530102344.0 | ||
| 008 | 140319s9999 xx 000 0 ara d | ||
| 040 |
_aGCL / _cGCL |
||
| 082 | 0 | 4 |
_a701.18 _bف أ |
| 100 | 1 | _aفيشر، ارنست | |
| 245 | 1 | 0 |
_aالاشتراكية والفن / _cتاليف ارنست فيشر؛ ترجمة اسعد حليم |
| 260 |
_a[S.N] : _bدار القلم ، _c1980 |
||
| 300 |
_a199 ص ؛ _c24 سم |
||
| 650 | 0 | 4 | _aالفن |
| 650 | 0 | 4 | _aالفن - تاريخ |
| 700 | 0 |
_aاسعد حليم _dمترجم |
|
| 942 |
_2ddc _cBK |
||
| 999 |
_c31653 _d31653 |
||